000 00215 a2200097 4500
001 18883
100 _aBarnard & child
245 _aElements of geometry
260 _a
_bMacmillan & Co
_c1934
090 _c13972
_d13972
942 _aNUST-CAE
_cM
_c4416
999 _c253956
_d253956